[Event "IX EICC"]
[Site "Plovdiv BUL"]
[Date "2008.04.27"]
[Round "7"]
[White "Bogdanovski,V"]
[Black "Papin,V"]
[Result "1-0"]
[WhiteElo "2391"]
[BlackElo "2483"]
[EventDate "2008.04.21"]

1. d4 Nf6 2. c4 c6 3. Nf3 d5 4. e3 e6 5. Bd3 Nbd7 6. O-O Bd6 7. Nbd2 O-O 8.
b3 Re8 9. e4 e5 10. cxd5 cxd5 11. Bb2 exd4 12. exd5 Ne5 13. Bb5 Re7 14.
Bxd4 Nxf3+ 15. Nxf3 Nxd5 16. Bc4 Nb6 17. Bd3 Re8 18. Qc2 h6 19. Bh7+ Kh8
20. Bf5 Be6 21. Rfd1 Qe7 22. Qd2 f6 23. Bxe6 Bb4 24. Nh4 Bxd2 25. Ng6+ Kh7
26. Nxe7 Rxe7 27. Bf5+ g6 28. Bxf6 Rf7 29. Rxd2 gxf5 30. Be5 Re8 31. Bf4
Nd7 32. Kf1 Nf6 33. Rc1 Ree7 34. Rd6 Kg7 35. f3 Ng8 36. Rd5 Kg6 37. Rd6+
Rf6 38. Rd8 Kh7 39. Re1 Rxe1+ 40. Kxe1 Re6+ 41. Kd2 Nf6 42. Be3 a6 43. a4
Kg6 44. Kd3 Rc6 45. b4 Re6 46. g3 Rc6 47. b5 axb5 48. axb5 Re6 49. Bd4 Ne8
50. Rd7 Nd6 51. b6 h5 52. Bc5 Nf7 53. f4 Rc6 54. Kd4 h4 55. Kd5 1-0

[Event "IX EICC"]
[Site "Plovdiv BUL"]
[Date "2008.04.27"]
[Round "7"]
[White "Popovic,Milo2"]
[Black "Tratar,M"]
[Result "1/2-1/2"]
[WhiteElo "2387"]
[BlackElo "2477"]
[EventDate "2008.04.21"]

1. d4 d6 2. Nf3 Nf6 3. c4 g6 4. Nc3 Bg7 5. g3 O-O 6. Bg2 c6 7. O-O Qb6 8.
b3 e5 9. c5 Qa5 10. Bd2 exd4 11. Ne4 Qa3 12. Bc1 1/2-1/2

[Event "IX EICC"]
[Site "Plovdiv BUL"]
[Date "2008.04.27"]
[Round "7"]
[White "Kukov,V"]
[Black "Vavrak,P"]
[Result "1/2-1/2"]
[WhiteElo "2365"]
[BlackElo "2466"]
[EventDate "2008.04.21"]

1. d4 Nf6 2. Nf3 g6 3. c4 Bg7 4. Nc3 d6 5. e4 O-O 6. h3 e5 7. dxe5 dxe5 8.
Be3 Nbd7 9. Qc2 c6 10. c5 Qe7 11. Na4 b5 12. cxb6 axb6 13. a3 c5 14. Bb5
Ba6 15. Bxa6 Rxa6 16. O-O Nb8 17. Qc4 Qb7 18. Nc3 Nc6 19. b4 cxb4 20. axb4
Rxa1 21. Rxa1 Rc8 22. Nd5 Nxd5 23. Qxd5 Rd8 24. Qb5 Nd4 25. Qa6 Qxe4 26.
Qxb6 Qd5 27. Nxd4 exd4 28. Rd1 Be5 29. Qa5 Kg7 30. Qxd5 Rxd5 31. Kf1 Kf8
32. Bh6+ Ke7 33. Ke2 Bd6 34. Bd2 d3+ 35. Ke3 Bc7 1/2-1/2

[Event "IX EICC"]
[Site "Plovdiv BUL"]
[Date "2008.04.27"]
[Round "7"]
[White "Magalashvili,Da"]
[Black "Stamenkov,V"]
[Result "1-0"]
[WhiteElo "2462"]
[BlackElo "2350"]
[EventDate "2008.04.21"]

1. d4 Nf6 2. c4 e6 3. Nf3 d5 4. Nc3 c5 5. cxd5 exd5 6. g3 Nc6 7. Bg2 Be7 8.
O-O O-O 9. Bg5 c4 10. Ne5 Be6 11. Nxc6 bxc6 12. b3 Qa5 13. Qc2 Rac8 14.
bxc4 dxc4 15. Ne4 Qd8 16. Nc5 Bxc5 17. dxc5 Qd4 18. Be3 Qe5 19. Rad1 Rfd8
20. Rxd8+ Rxd8 21. Bxc6 Nd5 22. Rd1 Qc7 23. Bxd5 Rxd5 24. Rxd5 Bxd5 25. Qd2
Qb7 26. f3 f6 27. Kf2 Kf7 28. Bd4 Qd7 29. Qf4 h5 30. Qh4 Kg6 31. h3 Bc6 32.
Ke1 Qf5 33. g4 hxg4 34. hxg4 Qg5 35. Qh2 Qd5 36. Qf4 a6 37. Qe3 Kf7 38. a3
Qe6 39. Qf4 Qd5 40. g5 f5 41. g6+ Kxg6 42. Qg3+ Kf7 43. Qxg7+ Ke8 44. Bf6
Qxc5 45. Qg8+ Kd7 46. Qd8+ Ke6 47. Bd4 Qd5 48. Qc8+ Kf7 49. Bc3 Bb7 50.
Qc7+ Ke6 51. Bb4 Kf6 52. Qe7+ Kg6 53. Bc3 Qf7 54. Qd6+ Kh7 55. Qh2+ Kg6 56.
Qg3+ Kh7 57. Qh4+ Kg6 58. Bd2 Qd5 59. Qe7 Bc6 60. Bc3 Qd7 61. Qf6+ Kh7 62.
Qh4+ Kg6 63. Qxc4 Qd5 64. Qxa6 Qc5 65. Bb4 Qg1+ 66. Kd2 Qd4+ 67. Kc2 Qf6
68. Qc4 Ba4+ 69. Kd3 Qd8+ 70. Ke3 Qg5+ 71. Kf2 f4 72. Qa6+ Kh5 73. Qxa4
Qh4+ 74. Kg2 1-0

[Event "IX EICC"]
[Site "Plovdiv BUL"]
[Date "2008.04.27"]
[Round "7"]
[White "Khmelniker,I"]
[Black "Beinoras,M"]
[Result "0-1"]
[WhiteElo "2459"]
[BlackElo "2339"]
[EventDate "2008.04.21"]

1. d4 d5 2. Nf3 Nf6 3. c4 c6 4. e3 e6 5. Bd3 dxc4 6. Bxc4 Nbd7 7. O-O Bd6
8. Nc3 O-O 9. Re1 e5 10. Qc2 Qe7 11. h3 Bb8 12. Bb3 Re8 13. Ng5 Rf8 14.
dxe5 Bxe5 15. f4 Bxf4 16. Nxf7 Rxf7 17. Bxf7+ Kxf7 18. Rf1 Bc7 19. Qxh7 Qe5
20. Rf3 Nf8 21. Qc2 Be6 22. Bd2 Rd8 23. Rd1 Ng6 24. Be1 Rxd1 25. Nxd1 Qh2+
26. Kf1 Qh1+ 27. Kf2 Nh4 0-1

[Event "IX EICC"]
[Site "Plovdiv BUL"]
[Date "2008.04.27"]
[Round "7"]
[White "Margvelashvili,G"]
[Black "Orlov,O2"]
[Result "1-0"]
[WhiteElo "2455"]
[BlackElo "2285"]
[EventDate "2008.04.21"]

1. Nf3 c5 2. g3 g6 3. Bg2 Bg7 4. O-O Nc6 5. c4 e5 6. Nc3 Nge7 7. Rb1 O-O 8.
Ne1 d6 9. Nc2 Be6 10. Nd5 a5 11. a3 a4 12. Nce3 f5 13. Nxe7+ Qxe7 14. Nd5
Qf7 15. d3 Nd4 16. e3 Nb3 17. Nb6 Ra6 18. Nxa4 Nxc1 19. Rxc1 e4 20. Nc3
exd3 21. Qxd3 Bxc4 22. Qd2 Be6 23. Rfd1 Rb6 24. b4 cxb4 25. Nd5 Rc6 26.
axb4 g5 27. Nc3 Rb6 28. Ne2 Kh8 29. Nd4 Bd5 30. Bxd5 Qxd5 31. Qe2 Qf7 32.
Nb5 Qd7 33. Rd5 f4 34. exf4 gxf4 35. Qh5 fxg3 36. hxg3 Rc6 37. Rcd1 Rc2 38.
Nxd6 Qe6 39. Nf5 Be5 40. Rd8 Rc8 41. R1d7 Qg6 42. Rxc8 Rxc8 43. Qxg6 hxg6
44. Nh4 Rc6 45. Rxb7 Bd4 46. Nf3 Bb6 47. Ne5 Rf6 48. Ng4 Re6 49. Kg2 Kg8
50. f4 Kf8 51. Kf3 Ke8 52. Ne5 Bd4 53. Ke4 Bf2 54. Kd5 Rf6 55. Ng4 Rb6 1-0

[Event "IX EICC"]
[Site "Plovdiv BUL"]
[Date "2008.04.27"]
[Round "7"]
[White "Cao Sang"]
[Black "Arnaudov,G"]
[Result "1-0"]
[WhiteElo "2535"]
[BlackElo "2369"]
[EventDate "2008.04.21"]

1. e4 c5 2. Nf3 e6 3. Nc3 a6 4. g3 b5 5. Bg2 Bb7 6. d3 Nf6 7. O-O Be7 8. h3
d6 9. Re1 Nc6 10. Bf4 b4 11. Ne2 e5 12. Bg5 O-O 13. g4 Ne8 14. Be3 Nd4 15.
Ng3 Nxf3+ 16. Qxf3 Bg5 17. c3 Bxe3 18. fxe3 bxc3 19. bxc3 g6 20. Rab1 Bc6
21. c4 Ng7 22. Qf2 Ra7 23. Rf1 f6 24. d4 Raf7 25. Qd2 Qc7 26. d5 Bd7 27.
Qb2 Bc8 28. Qb6 Qe7 29. Kh2 f5 30. exf5 gxf5 31. gxf5 Nxf5 32. Nxf5 Bxf5
33. e4 Bc8 34. Rxf7 Rxf7 35. Qc6 Rf8 36. Rb3 Kh8 37. Rg3 Bb7 38. Qb6 Rg8
39. Qb3 Rxg3 40. Qxg3 Qf6 41. h4 Bc8 42. Bh3 Bxh3 43. Kxh3 h5 44. Kg2 Kh7
45. Qh3 Qg6+ 46. Kf3 Qg1 47. Ke2 Qb1 48. Qd7+ Kg8 49. Qd8+ Kf7 50. Qd7+ Kg8
51. Qe6+ Kg7 52. Qe7+ Kh8 53. Qf8+ Kh7 54. Qf5+ Kg7 55. Qg5+ Kf8 56. Qh6+
Kg8 57. Qg6+ Kh8 58. Qxh5+ Kg7 59. Qg5+ Kh7 60. Qf5+ Kg7 61. Kf3 Qd1+ 62.
Kg3 Qg1+ 63. Kh3 Kh6 64. Qf8+ Kh7 65. Qe7+ Kh8 66. Qf8+ Kh7 67. Qf3 Kh6 68.
a3 a5 69. a4 Qg7 70. Qg4 Qc7 71. Qg5+ Kh7 72. Kg4 Qb8 73. Qe7+ Kg6 74. h5+
Kh6 75. Qf6+ Kh7 76. Kg5 Qc7 77. Qg6+ Kh8 78. Qe8+ Kh7 79. Kf5 Kg7 80. Ke6
1-0

[Event "IX EICC"]
[Site "Plovdiv BUL"]
[Date "2008.04.27"]
[Round "7"]
[White "Bakalarz,M"]
[Black "Jankovic,A"]
[Result "0-1"]
[WhiteElo "2361"]
[BlackElo "2528"]
[EventDate "2008.04.21"]

1. d4 Nf6 2. Bf4 g6 3. e3 Bg7 4. Nf3 d6 5. c4 Nh5 6. Bg5 h6 7. Bh4 g5 8.
Nfd2 gxh4 9. Qxh5 c5 10. Nc3 cxd4 11. exd4 Bxd4 12. Qxh4 Nc6 13. Bd3 Bxc3
14. bxc3 Qa5 15. Ne4 f5 16. Nxd6+ exd6 17. O-O Kd7 18. Qf6 Qe5 19. Qf7+ Qe7
20. Qd5 Kc7 21. Rfe1 Qf6 22. c5 dxc5 23. Bb5 Bd7 24. Qxc5 Rhe8 25. Red1
Rad8 26. h3 Re5 27. Qc4 a6 28. Bxc6 Bxc6 29. Qf4 Rxd1+ 30. Rxd1 Kc8 31. f3
Re2 32. Qc4 Qe6 33. Qh4 Rxg2+ 34. Kxg2 Qe2+ 0-1

[Event "IX EICC"]
[Site "Plovdiv BUL"]
[Date "2008.04.27"]
[Round "7"]
[White "Tukhaev,A"]
[Black "Mihok,O"]
[Result "1-0"]
[WhiteElo "2512"]
[BlackElo "2352"]
[EventDate "2008.04.21"]

1. e4 c5 2. Nf3 e6 3. d4 cxd4 4. Nxd4 Nf6 5. Nc3 d6 6. g4 h6 7. h3 a6 8.
Bg2 Qc7 9. f4 Nc6 10. Be3 Be7 11. Qe2 Nxd4 12. Bxd4 e5 13. Be3 exf4 14.
Bxf4 O-O 15. O-O-O Be6 16. Qd3 Rad8 17. Kb1 b5 18. Nd5 Bxd5 19. exd5 Rfe8
20. Bf3 Rc8 21. b3 Nd7 22. h4 Bf6 23. g5 Be5 24. Bh2 hxg5 25. hxg5 g6 26.
Bg4 Bg7 27. Bxd7 Qxd7 28. Bg1 Rc3 29. Qd2 Re4 30. Qh2 Qc7 31. Qg2 Rxb3+ 32.
cxb3 Qc3 33. Qd2 Qa1+ 34. Kc2 Qb2+ 35. Kd3 Qe5 36. Be3 Qxd5+ 37. Kc2 Qe5
38. Rhe1 d5 39. Bd4 Rxd4 40. Rxe5 Rxd2+ 41. Rxd2 Bxe5 42. Rxd5 Bf4 43. a4
bxa4 44. bxa4 Kf8 45. Ra5 Ke7 46. Rxa6 Bxg5 47. Ra7+ Ke6 48. a5 Be3 49. Rb7
Kd6 50. a6 Kc6 51. Rxf7 1-0

[Event "IX EICC"]
[Site "Plovdiv BUL"]
[Date "2008.04.27"]
[Round "7"]
[White "Kostic,Neb"]
[Black "Saric,A"]
[Result "1/2-1/2"]
[WhiteElo "2334"]
[BlackElo "2505"]
[EventDate "2008.04.21"]

1. c4 Nf6 2. Nc3 e6 3. e4 c5 4. e5 Ng8 5. Nf3 Nc6 6. d4 cxd4 7. Nxd4 Nxe5
8. Ndb5 a6 9. Nd6+ Bxd6 10. Qxd6 f6 11. Be3 Ne7 12. Bb6 Nf5 13. Bxd8 Nxd6
14. Bc7 Ke7 15. c5 Ne8 16. Bb6 d5 17. cxd6+ Nxd6 18. Bc5 b6 1/2-1/2

[Event "IX EICC"]
[Site "Plovdiv BUL"]
[Date "2008.04.27"]
[Round "7"]
[White "Jakovljevic,Vlado"]
[Black "Kotrotsos,V"]
[Result "1/2-1/2"]
[WhiteElo "2463"]
[BlackElo "2323"]
[EventDate "2008.04.21"]

1. Nf3 f5 2. c4 Nf6 3. d4 g6 4. g3 Bg7 5. Bg2 O-O 6. Nc3 d6 7. O-O Nc6 8.
d5 Ne5 9. Nxe5 dxe5 10. Qb3 e4 11. c5 Kh8 12. Rd1 e6 13. d6 c6 14. Bg5 Qd7
15. Bxf6 Bxf6 16. a4 a5 17. Nb1 e5 18. Na3 Qf7 19. Qxf7 Rxf7 20. e3 Be6 21.
Bf1 b6 22. Bc4 Bxc4 23. Nxc4 bxc5 24. d7 Rd8 25. Nxa5 Rfxd7 26. Rxd7 Rxd7
27. Nc4 Ra7 28. a5 Bd8 29. a6 Bc7 30. Kf1 Kg8 31. Ke2 Kf7 32. Kd2 Ke6 33.
Kc3 Kd5 34. Kb3 Ke6 35. h3 h5 36. Kc3 Kd5 37. Ra4 Ke6 38. Kb3 Kd5 39. Ra3
Ke6 40. Ra1 Kd5 41. g4 hxg4 42. hxg4 Ke6 43. Kc2 Kf6 44. Kc3 Ke6 45. Kb3
Bd8 46. Nd2 Bh4 47. gxf5+ gxf5 48. Rh1 Bf6 49. Ra1 Bh4 50. Rh1 Bf6 51. Ra1
Bh4 52. Rh1 Bf6 1/2-1/2

[Event "IX EICC"]
[Site "Plovdiv BUL"]
[Date "2008.04.27"]
[Round "7"]
[White "Grecescu,G"]
[Black "Dinev,De"]
[Result "1/2-1/2"]
[WhiteElo "2423"]
[BlackElo "2298"]
[EventDate "2008.04.21"]

1. c4 e5 2. g3 Nc6 3. Bg2 f5 4. Nc3 Nf6 5. e3 Be7 6. Nge2 O-O 7. d3 d6 8.
O-O Qe8 9. f4 Qh5 10. b3 Bd7 11. Qd2 Rae8 12. Bb2 Nd8 13. Rae1 c6 14. b4
Nf7 15. d4 e4 16. d5 c5 17. Nd1 Rc8 18. Nf2 b5 19. a4 bxc4 20. b5 a6 21.
bxa6 Ra8 22. Nc3 Rxa6 23. Ra1 Rfa8 24. Qc2 Nh6 25. Rfe1 Nhg4 26. Nxg4 Nxg4
27. Bf1 Bf6 28. h3 Nxe3 29. Rxe3 Bd4 30. Qf2 Rb6 31. Nd1 Rxa4 32. g4 Bxe3
33. Nxe3 fxg4 34. Rxa4 Bxa4 35. hxg4 Qg6 36. Bxc4 Bd7 37. f5 Qg5 38. Bc3
Rb1+ 39. Kg2 Qh6 40. Bf1 Bb5 41. Bxb5 Rxb5 42. f6 gxf6 43. Qf5 Qxe3 44.
Qe6+ Kf8 45. Qxd6+ Ke8 46. Qe6+ Kf8 47. Qxf6+ Ke8 48. Qe6+ Kd8 49. Qf6+ Ke8
50. Qc6+ Kf8 51. Qc8+ Ke7 1/2-1/2

[Event "IX EICC"]
[Site "Plovdiv BUL"]
[Date "2008.04.27"]
[Round "7"]
[White "Grunberg,M"]
[Black "Mudelsee,M"]
[Result "0-1"]
[WhiteElo "2422"]
[BlackElo "2284"]
[EventDate "2008.04.21"]

1. c4 Nf6 2. Nf3 c6 3. Nc3 d5 4. e3 e6 5. Qc2 Nbd7 6. d4 a6 7. b3 b5 8. Bd3
Bb7 9. O-O Bd6 10. Bb2 O-O 11. a3 bxc4 12. bxc4 dxc4 13. Bxc4 c5 14. Rfd1
Bxf3 15. gxf3 cxd4 16. Rxd4 Qc7 17. Kh1 Be5 18. Rh4 Rab8 19. Rb1 Qc6 20.
Ne4 Nxe4 21. Bxe5 Rxb1+ 22. Qxb1 Ng5 23. Bg3 Qxf3+ 24. Kg1 Nf6 25. Bf1 Qc6
26. Bg2 Nf3+ 27. Kh1 Rc8 28. Rd4 e5 29. Rd1 e4 30. Bh3 Re8 31. Rd6 Qa4 32.
Qb2 Qa5 33. Bf1 Nh5 34. Rxa6 Nxg3+ 35. fxg3 Qh5 36. Rb6 h6 37. Rb5 Qg6 38.
Rb8 Rxb8 39. Qxb8+ Kh7 40. Qe8 Qf5 41. Qb5 Qf6 42. Qc4 Nd2 0-1

[Event "IX EICC"]
[Site "Plovdiv BUL"]
[Date "2008.04.27"]
[Round "7"]
[White "Petkov,V"]
[Black "Berbatov,K"]
[Result "1-0"]
[WhiteElo "2415"]
[BlackElo "2220"]
[EventDate "2008.04.21"]

1. d4 e6 2. c4 b6 3. Nc3 Bb7 4. a3 f5 5. Nf3 Nf6 6. Bf4 Be7 7. h3 Ne4 8.
Nxe4 fxe4 9. Nd2 O-O 10. e3 c5 11. dxc5 bxc5 12. Be2 Qb6 13. O-O a5 14. Qc2
d5 15. f3 exf3 16. Nxf3 Nd7 17. Bd3 h6 18. Ne5 Nf6 19. Rf2 Bd6 20. Raf1 Qc7
21. Ng6 Bxf4 22. exf4 Rfe8 23. Re1 Rad8 24. Ne5 Ne4 25. Rf3 Rf8 26. Qc1 Rf5
27. Qe3 g5 28. cxd5 exd5 29. Bxe4 dxe4 30. Ng4 gxf4 31. Qf2 Kh7 32. Qh4 Rd6
33. Ne3 Rg5 34. Rxf4 Rdg6 35. Ref1 Rg7 36. Rf6 h5 37. R1f5 Qg3 38. Qxg3
Rxg3 39. Rxh5+ Kg8 40. Kf2 Rxe3 41. Kxe3 Rg3+ 42. Kf4 Rxg2 43. Rg5+ 1-0

[Event "IX EICC"]
[Site "Plovdiv BUL"]
[Date "2008.04.27"]
[Round "7"]
[White "Pavlidis,Ana"]
[Black "Balog,I1"]
[Result "0-1"]
[WhiteElo "2280"]
[BlackElo "2415"]
[EventDate "2008.04.21"]

1. e4 e5 2. Nf3 Nc6 3. Bb5 a6 4. Ba4 d6 5. c3 Bd7 6. d4 Nge7 7. Bg5 h6 8.
Be3 Ng6 9. O-O Be7 10. Nbd2 Bg5 11. d5 Nb8 12. Bxd7+ Nxd7 13. Nc4 Qf6 14.
g3 b5 15. Bxg5 hxg5 16. Ne3 Ne7 17. a4 bxa4 18. Rxa4 Qg6 19. Re1 Qh5 20.
Nf1 g6 21. Qe2 O-O 22. N3d2 Qxe2 23. Rxe2 f5 24. f3 Nc5 25. Ra2 a5 26. Re1
a4 27. Rb1 Rab8 28. Ne3 Rb5 29. Nc2 g4 30. fxg4 fxe4 31. Nb4 Rfb8 32. Nc4
Nd3 33. Nxd3 exd3 34. Rxa4 Nxd5 35. Rd1 e4 36. Kf1 Re8 37. Rd2 Nb6 38. Nxb6
Rxb6 39. Ra1 d5 40. Re1 c5 41. Ra1 c4 42. Rf2 e3 43. Rf4 e2+ 44. Ke1 Rxb2
45. Rd4 Rf8 46. Rf4 Rfb8 0-1

[Event "IX EICC"]
[Site "Plovdiv BUL"]
[Date "2008.04.27"]
[Round "7"]
[White "Vegh,E"]
[Black "Todorovic,J"]
[Result "1/2-1/2"]
[WhiteElo "2278"]
[BlackElo "2406"]
[EventDate "2008.04.21"]

1. d4 Nf6 2. c4 g6 3. Nc3 Bg7 4. e4 d6 5. Bd3 O-O 6. Nge2 Nbd7 7. O-O e5 8.
d5 Nc5 9. Bc2 a5 10. f3 c6 11. Be3 cxd5 12. cxd5 Bd7 13. a3 b5 14. b4 Na6
15. Rb1 Nh5 16. Qd2 axb4 17. axb4 Qb8 18. Kh1 Rc8 19. Rb3 Nc7 20. Bd3
1/2-1/2

[Event "IX EICC"]
[Site "Plovdiv BUL"]
[Date "2008.04.27"]
[Round "7"]
[White "Marholev,D"]
[Black "Vlashki,N"]
[Result "1/2-1/2"]
[WhiteElo "2400"]
[BlackElo "2206"]
[EventDate "2008.04.21"]

1. e4 e5 2. Nf3 Nc6 3. Bb5 a6 4. Ba4 Nf6 5. O-O b5 6. Bb3 Bc5 7. d3 d6 8.
a4 Bg4 9. c3 O-O 10. Bg5 Rb8 11. axb5 axb5 12. h3 Bxf3 13. Qxf3 h6 14. Bh4
g5 15. Bg3 Kg7 16. Nd2 Ra8 17. Rxa8 Qxa8 18. Bd5 Nxd5 19. exd5 Ne7 20. Ne4
f6 21. Nxc5 dxc5 22. d4 cxd4 23. cxd4 Qxd5 24. Qxd5 Nxd5 25. dxe5 f5 26. f4
gxf4 27. Bxf4 Nxf4 28. Rxf4 Kg6 29. Rd4 Re8 30. Rd5 b4 31. Kf2 f4 32. Kf3
Kf5 33. Rd4 Rb8 34. Rc4 Kxe5 35. Rxc7 Rg8 36. Re7+ Kd5 37. Re2 Kc4 38. Kxf4
Kb3 39. g4 Rf8+ 40. Kg3 Rc8 41. h4 Ka2 42. g5 hxg5 43. h5 b3 44. h6 Rh8 45.
Rh2 Rxh6 46. Rxh6 Kxb2 47. Kf2 Kc2 48. Ke2 b2 49. Rc6+ Kb3 50. Rb6+ 1/2-1/2

[Event "IX EICC"]
[Site "Plovdiv BUL"]
[Date "2008.04.27"]
[Round "7"]
[White "Chigladze,I"]
[Black "Kounalakis,E"]
[Result "1/2-1/2"]
[WhiteElo "2384"]
[BlackElo "2099"]
[EventDate "2008.04.21"]

1. d4 Nf6 2. c4 e6 3. Nc3 Bb4 4. Qc2 O-O 5. a3 Bxc3+ 6. Qxc3 b6 7. Bg5 h6
8. Bh4 Ba6 9. e3 d6 10. Bd3 Nbd7 11. Ne2 c5 12. O-O Rc8 13. Qb3 cxd4 14.
exd4 e5 15. Rfc1 e4 16. Bb1 d5 17. Qe3 Bxc4 18. Ng3 Qe8 19. f3 Qe6 20. fxe4
dxe4 21. Nxe4 Bd5 22. Rxc8 Rxc8 23. Nxf6+ Nxf6 24. Qxe6 fxe6 25. Bd3 Nh5
26. Rd1 Nf4 27. Bb1 Nxg2 28. Bg3 Ne3 29. Re1 Nf5 30. Be5 Nh4 31. Kf2 Nf3
32. Rd1 Rf8 33. Bd6 Rd8 34. Bg3 Bb7 35. Ke3 Ng5 36. Bg6 Nf7 37. Rc1 Rd7 38.
h4 Nh8 39. Bd3 g5 40. hxg5 hxg5 41. a4 Nf7 42. b4 Nh6 43. Rf1 Ng4+ 44. Kd2
Rxd4 45. Kc3 Rd8 46. a5 Ne3 47. Re1 1/2-1/2

[Event "IX EICC"]
[Site "Plovdiv BUL"]
[Date "2008.04.27"]
[Round "7"]
[White "Moor,R"]
[Black "Monev,A"]
[Result "0-1"]
[WhiteElo "2378"]
[BlackElo "2038"]
[EventDate "2008.04.21"]

1. b3 d5 2. Bb2 c5 3. e3 Nc6 4. Nf3 e6 5. d4 cxd4 6. exd4 Nf6 7. Bd3 Bd6 8.
O-O O-O 9. a3 Qc7 10. Re1 b6 11. Nbd2 Bb7 12. Qe2 h6 13. Nf1 Ne4 14. N3d2
Nxd2 15. Qxd2 e5 16. dxe5 Nxe5 17. Bf5 Rfe8 18. Ng3 Rad8 19. Bd4 f6 20. c3
Qf7 21. Qc2 Bc8 22. Bh7+ Kh8 23. Nf5 Bxf5 24. Bxf5 Re7 25. Rad1 Rde8 26.
Kf1 Qh5 27. h3 Nf3 28. Rxe7 Rxe7 29. Be3 Nh2+ 30. Kg1 Rxe3 31. fxe3 Qg5 32.
Be4 Qxe3+ 33. Kh1 Qg3 34. Qe2 dxe4 35. Rxd6 Qxd6 36. Qxe4 Nf1 37. Qa8+ Kh7
38. Qe4+ g6 39. Qb7+ Kg8 40. Kg1 Ne3 41. Qxa7 h5 42. Qa8+ Kh7 43. Qe4 Qd1+
44. Kf2 Qd2+ 45. Kf3 Nf5 46. g4 Qxc3+ 47. Kf2 Qd2+ 0-1

[Event "IX EICC"]
[Site "Plovdiv BUL"]
[Date "2008.04.27"]
[Round "7"]
[White "Stanoev,A"]
[Black "Vedder,H"]
[Result "0-1"]
[WhiteElo "2193"]
[BlackElo "2371"]
[EventDate "2008.04.21"]

1. d4 d5 2. c4 e6 3. Nc3 Nf6 4. Nf3 c5 5. cxd5 cxd4 6. Qa4+ Nbd7 7. Qxd4
Bc5 8. Qd1 exd5 9. e3 Nb6 10. Bb5+ Bd7 11. Be2 O-O 12. O-O Qe7 13. b3 Rac8
14. Bb2 Rfe8 15. Qd3 a6 16. a4 Be6 17. Rad1 Nbd7 18. h3 Bd6 19. Nd4 Nc5 20.
Qb1 Bb8 21. Nxe6 fxe6 22. Ba1 Qd6 23. g3 Nce4 24. Nxe4 Nxe4 25. Qb2 Re7 26.
Bf3 Nf6 27. e4 Qb6 28. exd5 exd5 29. Rfe1 Rxe1+ 30. Rxe1 Bxg3 31. Kg2 Bh4
32. Bxd5+ Kh8 33. Bf3 Qc7 34. Qd4 Bg5 35. Re6 Qf7 36. Re1 Rf8 37. h4 Bh6
38. b4 Nh5 39. Bxh5 Qxh5 40. Qe4 Bf4 41. Qxb7 Qg4+ 42. Kf1 Bg3 43. Re2 h6
44. h5 Bh4 45. Qg2 Rxf2+ 0-1

[Event "IX EICC"]
[Site "Plovdiv BUL"]
[Date "2008.04.27"]
[Round "7"]
[White "Medancic,R"]
[Black "Sidorenko,I"]
[Result "0-1"]
[WhiteElo "2247"]
[BlackElo "2334"]
[EventDate "2008.04.21"]

1. d4 Nf6 2. Nf3 g6 3. Bg5 Bg7 4. Nbd2 O-O 5. c3 d6 6. e4 c5 7. dxc5 dxc5
8. Bc4 Nc6 9. O-O Qc7 10. Qe2 Na5 11. Bd3 h6 12. Bh4 Nh5 13. Bc2 e5 14.
Rfe1 Be6 15. Nf1 Nf4 16. Qe3 Nc4 17. Qc1 Bg4 18. b3 Bxf3 19. gxf3 Nb6 20.
Bg3 Rad8 21. Rb1 c4 22. b4 h5 23. Qa3 Bf6 24. Ne3 Kg7 25. Red1 Ne6 26. h4
Nf4 27. Rxd8 Rxd8 28. Rd1 Rxd1+ 29. Bxd1 Nc8 30. Bxf4 exf4 31. Nd5 Qd7 32.
Be2 Bxh4 33. Bxc4 Nb6 34. Nxb6 Qd1+ 35. Kg2 Qd2 36. Qxa7 Qxf2+ 37. Kh1
Qxf3+ 38. Kg1 Bg3 0-1

[Event "IX EICC"]
[Site "Plovdiv BUL"]
[Date "2008.04.27"]
[Round "7"]
[White "Goumas,G"]
[Black "Badev,K"]
[Result "1/2-1/2"]
[WhiteElo "2234"]
[BlackElo "2311"]
[EventDate "2008.04.21"]

1. e4 e6 2. d4 d5 3. Nd2 Nf6 4. e5 Nfd7 5. c3 c5 6. Bd3 Nc6 7. Ne2 cxd4 8.
cxd4 f6 9. exf6 Qxf6 10. Nf3 h6 11. O-O Bd6 12. Ng3 O-O 13. Nh5 Qd8 14. Bb1
Rf7 15. Re1 Nf8 16. Ne5 Nxe5 17. dxe5 Bc5 18. Be3 Qb6 19. Bxc5 Qxc5 20. Qd2
Bd7 21. Bd3 Be8 22. Re3 d4 23. Re4 Rc7 24. Nf4 Rd8 25. h4 Qe7 26. Ne2 Bg6
27. Rf4 Bh5 28. Ng3 Be8 29. Rg4 Kh8 30. Ne4 Bh5 31. Rg3 Nd7 32. f4 Nc5 33.
Nxc5 Rxc5 34. Qe1 Qxh4 35. Qe4 g6 36. Rxg6 Bxg6 37. Qxg6 Rc7 38. g3 Qh3 39.
Qf6+ Rg7 40. Qxd8+ Rg8 41. Qf6+ Rg7 42. Qd8+ Rg8 43. Qf6+ 1/2-1/2

[Event "IX EICC"]
[Site "Plovdiv BUL"]
[Date "2008.04.27"]
[Round "7"]
[White "Nikolaidis,K"]
[Black "Galopoulos,N"]
[Result "1-0"]
[WhiteElo "2299"]
[BlackElo "2243"]
[EventDate "2008.04.21"]

1. d4 Nf6 2. c4 g6 3. Nc3 Bg7 4. e4 O-O 5. Nf3 d6 6. h3 e5 7. d5 Nbd7 8.
Bg5 a5 9. Nd2 Nc5 10. Be2 h6 11. Be3 Kh7 12. O-O Ng8 13. Nb3 b6 14. Qd2 Qe7
15. Rae1 Bf6 16. Bg4 Ba6 17. Nxc5 bxc5 18. b3 a4 19. Nxa4 Bxc4 20. Be2 Bxe2
21. Qxe2 Qd7 22. Rb1 Bg7 23. Nc3 f5 24. f3 f4 25. Bd2 Rfb8 26. a4 g5 27.
Rb2 h5 28. Rfb1 Nf6 29. b4 cxb4 30. Rxb4 Rxb4 31. Rxb4 g4 32. fxg4 Nxg4 33.
Nb5 Nf6 34. Rc4 Ne8 35. Qxh5+ Kg8 36. Be1 Rb8 37. Bf2 Kf8 38. Qe2 Bf6 39.
Rc3 Ra8 40. Rc4 Ra6 41. Nxc7 Nxc7 42. Rxc7 Qxc7 43. Qxa6 Bd8 44. Qa7 Qc1+
45. Kh2 Qc2 46. Qb8 Qxf2 47. Qxd8+ Kf7 48. Qd7+ Kg8 49. Qg4+ Kf8 50. a5 Qa7
51. Qc8+ Kg7 52. a6 Qe3 53. Qd7+ Kg8 54. Qe6+ Kg7 55. Qg4+ Kf6 56. Qf5+ Kg7
57. Qg4+ Kf6 58. Qg8 Qf2 59. Qh8+ Kg6 60. Qe8+ Kg7 61. Qd7+ Kg8 62. Qg4+
Kf7 63. a7 Qxa7 64. Qe6+ Kg7 65. Qxd6 Qd4 66. Qe7+ Kg6 67. Qe6+ Kg7 68. Qf5
Kh6 69. Qf6+ Kh7 70. d6 Qf2 71. Qf5+ Kg8 72. Qg4+ Kf7 73. d7 1-0

[Event "IX EICC"]
[Site "Plovdiv BUL"]
[Date "2008.04.27"]
[Round "7"]
[White "Koepke,C"]
[Black "Elkin,L"]
[Result "1-0"]
[WhiteElo "2296"]
[BlackElo "2213"]
[EventDate "2008.04.21"]

1. e4 c5 2. Nf3 d6 3. d4 cxd4 4. Nxd4 Nf6 5. Nc3 g6 6. Be3 Bg7 7. f3 O-O 8.
Qd2 Nc6 9. Bc4 Bd7 10. O-O-O Rc8 11. Bb3 Ne5 12. Kb1 Re8 13. h4 h5 14. Bh6
Nc4 15. Bxc4 Rxc4 16. Bxg7 Kxg7 17. Nd5 Nxd5 18. exd5 Qb6 19. g4 hxg4 20.
h5 Rh8 21. c3 Rxd4 22. cxd4 Bf5+ 23. Ka1 Rxh5 24. Rxh5 gxh5 25. Qg5+ Bg6
26. fxg4 f6 27. Qe3 Qd8 28. gxh5 Bxh5 29. Rg1+ Bg6 30. Re1 Kf8 31. Qh6+ Kf7
32. Rg1 Qg8 33. Qe3 Qe8 34. Qe6+ Kg7 35. Re1 Kf8 36. Rh1 Kg7 37. Rc1 Qf7
38. Rc7 Qxe6 39. dxe6 f5 40. Rxe7+ Kf6 41. Rxb7 Kxe6 42. Kb1 f4+ 43. Kc1
Kd5 44. Kd2 Ke4 45. Ke2 Bh5+ 46. Kf2 Kxd4 47. Rxa7 Bd1 48. Rf7 Ke5 49. b4
Ba4 50. Re7+ Kd4 51. Kf3 Kc3 52. a3 d5 53. Ra7 Bb3 54. Rc7+ Kb2 55. Kxf4
1-0

[Event "IX EICC"]
[Site "Plovdiv BUL"]
[Date "2008.04.27"]
[Round "7"]
[White "Tzouganakis,P"]
[Black "Yordanov,N"]
[Result "0-1"]
[WhiteElo "1900"]
[BlackElo "2296"]
[EventDate "2008.04.21"]

1. e4 c5 2. Nf3 Nc6 3. d4 cxd4 4. Nxd4 Nf6 5. Nc3 e5 6. Ndb5 d6 7. Bg5 a6
8. Na3 b5 9. Nd5 Be7 10. Bxf6 Bxf6 11. c3 Bg5 12. Nc2 Ne7 13. Ncb4 O-O 14.
a4 bxa4 15. Rxa4 a5 16. Nxe7+ Qxe7 17. Nd5 Qb7 18. Qc2 Kh8 19. Bd3 f5 20.
O-O Be6 21. Rd1 Bd8 22. b3 Rc8 23. b4 Bxd5 24. exd5 e4 25. Bf1 axb4 26. Ba6
b3 27. Qb2 Qa7 28. Qxb3 Rb8 29. Qc2 Bb6 30. Rf1 Bc5 31. Ra2 Qe7 32. Bc4 f4
33. Re1 Rfe8 34. Qd1 f3 35. gxf3 Qg5+ 36. Kf1 Qh4 37. Rxe4 Qxh2 38. Qd3 g6
39. Bb5 Rf8 40. c4 Qh1+ 41. Ke2 Qg2 42. Re3 Rf4 43. Ra6 Rbf8 44. Ra3 Bxe3
45. Qxe3 R4f5 46. Qd4+ Re5+ 47. Kd1 Qf1+ 48. Kc2 Kg8 49. Kb3 Qb1+ 50. Kc3
Rxf3+ 0-1

[Event "IX EICC"]
[Site "Plovdiv BUL"]
[Date "2008.04.27"]
[Round "7"]
[White "Ivanov,L"]
[Black "Bonev,T"]
[Result "0-1"]
[WhiteElo "2020"]
[BlackElo "2285"]
[EventDate "2008.04.21"]

1. d4 Nf6 2. c4 g6 3. Nc3 Bg7 4. e4 d6 5. f3 O-O 6. Be3 e5 7. Nge2 c6 8.
Qd2 Nbd7 9. h4 h5 10. d5 cxd5 11. Nxd5 Nxd5 12. cxd5 f5 13. Nc3 a6 14. Be2
b5 15. a3 Nf6 16. O-O Nh7 17. g3 f4 18. Bf2 Bf6 19. gxf4 exf4 20. Kg2 Bxh4
21. Qe1 Bf6 22. Rh1 Qe8 23. Qg1 Rb8 24. Bd4 g5 25. Bd3 b4 26. Ne2 g4 27.
Qh2 gxf3+ 28. Kxf3 Bg4+ 29. Kf2 f3 30. Rag1 Qg6 31. Bxf6 fxe2 32. e5 Qxd3
33. Rxg4+ hxg4 34. Qh5 Nxf6 35. Qh8+ Kf7 36. Qxf6+ Ke8 37. Rh8 Qf3+ 0-1